| 000 | 00846nam a22002777a 4500 | ||
|---|---|---|---|
| 003 | OSt | ||
| 005 | 20260427143027.0 | ||
| 008 | 260427b |||||||| |||| 00| 0 eng d | ||
| 020 | _a978-93-49531-99-4 | ||
| 037 | _cReference | ||
| 040 |
_aFEDL _beng _cFEDL |
||
| 041 |
_aeng _heng |
||
| 082 | _a181.4 SHA/RR | ||
| 100 |
_aSharma, Raj Kishore, Ed. _91235737 |
||
| 245 |
_aGurukula and the Vedic tradition/ _cedited by Raj kishore sharma; Shobhita singal. |
||
| 260 |
_aNew Delhi _bKitabwale _c2025 |
||
| 300 | _a62p. | ||
| 365 |
_aINR _b190.00 |
||
| 490 | _vV.19 | ||
| 650 |
_aPHILOSOPHY OF INDIA _91234613 |
||
| 650 | _aANCIENT INDIA | ||
| 650 |
_aVEDIC LITURATURE _91235775 |
||
| 700 |
_aSingal, Shobhita, Ed. _91235738 |
||
| 942 |
_2ddc _cREF _h181.4 SHA/RR _n0 |
||
| 999 |
_c1848556 _d1848556 |
||